|
|
|
|
| LEADER |
00000cam a2200000 7i4500 |
| 001 |
0000045724 |
| 005 |
20111126.0 |
| 008 |
101018 bm |
| 020 |
|
|
|a 983750885X
|
| 090 |
0 |
0 |
|a JF SIR
|
| 100 |
1 |
|
|a Rozita Mohamed
|
| 245 |
1 |
0 |
|a Misteri di Kampung Bayu
|c Rozita Mohamed
|
| 260 |
|
|
|a PJ :
|b Penerbit Pan Earth Sdn Bhd ,
|c 1997
|
| 300 |
|
|
|a 53p :
|b ill ;
|c 22cm.
|
| 440 |
|
0 |
|a Siri Misteri Pembaca Muda
|
| 650 |
0 |
0 |
|a junior Fiction - Malay
|
| 999 |
|
|
|a 0000329725
|b Buku
|c Koleksi Pinjaman Kanak-Kanak
|e Perbadanan Perpustakaan Awam Melaka
|
| 999 |
|
|
|a 56984
|b Buku
|c Koleksi Pinjaman Kanak-Kanak
|e Perpustakaan Cawangan Merlimau
|
| 999 |
|
|
|a 56998
|b Buku
|c Koleksi Pinjaman Kanak-Kanak
|e Perpustakaan Cawangan Merlimau
|
| 999 |
|
|
|a 57000
|b Buku
|c Koleksi Pinjaman Kanak-Kanak
|e Perpustakaan Cawangan Masjid Tanah
|
| 999 |
|
|
|a 57001
|b Buku
|c Koleksi Pinjaman Kanak-Kanak
|e Perpustakaan Cawangan Jasin
|
| 999 |
|
|
|a 57003
|b Buku
|c Koleksi Pinjaman Kanak-Kanak
|e Perbadanan Perpustakaan Awam Melaka
|